[Event "ch-UKR w"]
[Site "Alushta UKR"]
[Date "2005.05.22"]
[Round "7"]
[White "Vasilevich,T"]
[Black "Maiko,A"]
[Result "1-0"]
[WhiteElo "2395"]
[BlackElo "2075"]

1.d4 d5 2.c4 c6 3.Nf3 Nf6 4.Nc3 a6 5.a4 e6 6.Bg5 Be7 7.e3 a5 8.Be2 O-O 9.O-O Nbd7
10.Qc2 dxc4 11.e4 h6 12.Bh4 Nh5 13.Bxe7 Qxe7 14.Bxc4 Nf4 15.g3 Ng6 16.h4 c5
17.Rfd1 cxd4 18.Nxd4 Nge5 19.Bb5 Nf6 20.f4 Neg4 21.e5 Nd5 22.Qe4 Nb4 23.Rac1 Rd8
24.Be2 f5 25.exf6 Nxf6 26.Qe5 Nc6 27.Nxc6 bxc6 28.Bf3 Bb7 29.f5 c5 30.Bxb7 Qxb7
31.Qxe6+ Kh7 32.Qe2 Re8 33.Qg2 Qxg2+ 34.Kxg2 Re5 35.Rf1 Ng4 36.Rf4 Ne3+ 37.Kf3 Nxf5
38.Re4 Rae8 39.Rce1 Rxe4 40.Rxe4 Nd6 41.Rxe8 Nxe8 42.Ne4 c4 43.Kg4 g6 44.Kf4 Kg7
45.Ke5 Nc7 46.Nd6 Na6 47.Kd4 Kf6 48.Nxc4 h5 49.Nxa5 Kf5 50.Nc6 g5 51.hxg5 Kxg5
52.Ne5 Kf5 53.Nd7 Kg4 54.Nf6+ Kxg3 55.Nxh5+ Kg4 56.Nf6+ Kf5 57.Nd5 Ke6 58.b4 Kd6
59.Kc4 Nb8 60.b5 Nd7 61.Nf4 Kc7 62.a5 Kb7 63.Ne6 Ne5+ 64.Kd5 Nf7 65.Nc5+ Kb8
66.b6 Nd8 67.a6  1-0

[Event "VII Open"]
[Site "Salou ESP"]
[Date "2005.05.22"]
[Round "3"]
[White "Szmetan,R"]
[Black "Burmakin,V"]
[Result "0-1"]
[WhiteElo "2347"]
[BlackElo "2552"]

1.d4 d5 2.c4 c6 3.Nf3 Nf6 4.Nc3 a6 5.cxd5 cxd5 6.Bf4 e6 7.e3 b5 8.Bd3 Bb7
9.O-O Bd6 10.Bxd6 Qxd6 11.Ne5 O-O 12.f4 Ne4 13.Bxe4 dxe4 14.f5 f6 15.Ng4 exf5
16.Rxf5 Nd7 17.h4 g6 18.Rf4 f5 19.Nf2 Nf6 20.g4 b4 21.Qb3+ Kh8 22.gxf5 bxc3
23.Qxb7 Rab8 24.Qa7 cxb2 25.Rb1 gxf5 26.Nh3 Nd5 27.Ng5 Qg6 28.Rf2 h6 29.Qc5 Rfd8
30.Rbxb2 Rxb2 31.Rxb2 hxg5 32.Qc7 gxh4+ 33.Kh1 Qd6 34.Qa7 Qg3 35.Rg2 Qe1+  0-1

[Event "VII Open"]
[Site "Salou ESP"]
[Date "2005.05.25"]
[Round "6"]
[White "Collas,S"]
[Black "Mirzoev,A"]
[Result "1/2-1/2"]
[WhiteElo "2381"]
[BlackElo "2545"]

1.Nf3 d5 2.d4 Nf6 3.c4 c6 4.Nc3 a6 5.c5 Nbd7 6.Bf4 Nh5 7.Bd2 g6 8.e4 dxe4
9.Nxe4 Bg7 10.Bc4 O-O 11.O-O Ndf6 12.Nxf6+ Nxf6 13.h3 Bf5 14.Qb3 Be4 15.Ne5 Bd5
16.Bxd5 Qxd5 17.Qxb7 Qxd4 18.Bc3 Qxc5 19.Nxc6 Nd5 20.Bxg7 Kxg7 21.Rfe1 e6
22.Rxe6 Rac8 23.Ne5 Rc7 24.Rc6 Qxf2+ 25.Kxf2 Rxb7 26.b3 Nb4 27.Rd6 Rc8 28.Nc4 Rc5
29.Rd2 Re7 30.Rc1 h5 31.Rc3 Nd5 32.Rf3 a5 33.Re2 Rxe2+ 34.Kxe2 Nb4 35.a3 Nc6
36.Kd3 Rg5 37.g3 Rd5+ 38.Kc3 Rd1 39.h4 Rg1 40.Nd6 Ne5 41.Re3 f6 42.b4 Rd1
43.Ne4 axb4+ 44.axb4 Rb1 45.Nd2 Rc1+ 46.Kb2 Rc7 47.Kb3 Kf7 48.b5 Ke6 49.Kb4 Kd5
50.Nb3 Rc8 51.Na5 Kd4 52.Re2 Nd3+ 53.Ka4 Nc5+ 54.Kb4 Nd3+ 55.Ka4  1/2-1/2

[Event "TCh-IRI"]
[Site "Tehran IRI"]
[Date "2005.05.26"]
[Round "1"]
[White "Kotanjian,T"]
[Black "Mohandesi,S"]
[Result "1/2-1/2"]
[WhiteElo "2443"]
[BlackElo "2328"]

1.d4 d5 2.c4 c6 3.Nc3 Nf6 4.Nf3 a6 5.cxd5 cxd5 6.Bg5 e6 7.e3 Nc6 8.Bd3 h6
9.Bh4 Be7 10.O-O O-O 11.Rc1 Bd7 12.Ne5 Rc8 13.f4 b5 14.Bb1 Nxe5 15.dxe5 Ne8
16.Bxe7 Qxe7 17.Qd3 f5 18.Ne2 Nc7 19.Qd4 b4 20.Bd3 Bb5 21.Bxb5 Nxb5 22.Qb6 Ra8
23.Nd4 Nxd4 24.Rc7 Ne2+ 25.Kf2 Qe8 26.Kxe2 Qb5+ 27.Qxb5 axb5 28.Ra1 Rfc8
29.Rxc8+ Rxc8 30.Kd2 Kf7 31.a4 bxa4 32.Rxa4 b3 33.Ra7+ Kf8 34.Kd3 Rc2 35.Kd4 Rc4+
36.Kd3 Rc2 37.Rb7 Rxb2 38.Kd4 Rxg2 39.Kc5 Ra2 40.Rxb3 Ra7 41.h4 Ke7 42.Kc6 Ra6+
43.Kc5 Ra7 44.Kc6 Ra6+ 45.Kc5 Ra7 46.Kc6  1/2-1/2

[Event "24th OCF NthAmOp"]
[Site "Stillwater USA"]
[Date "2005.05.27"]
[Round "2"]
[White "Braunlich,T"]
[Black "Zatonskih,A"]
[Result "0-1"]
[WhiteElo "2200"]
[BlackElo "2435"]

1.d4 d5 2.c4 c6 3.Nc3 Nf6 4.Nf3 a6 5.e3 b5 6.b3 Bg4 7.Be2 e6 8.O-O Nbd7 9.Bb2 Qb8
10.cxd5 cxd5 11.Ne5 Bxe2 12.Nxe2 Bd6 13.a4 bxa4 14.Rxa4 O-O 15.Ba3 Bxa3 16.Nxd7 Nxd7
17.Rxa3 Qd6 18.Qa1 Rfb8 19.Rc1 Rb6 20.h3 g6 21.Rc2 Rab8 22.Nc1 R8b7 23.Nd3 Rxb3
24.Rxa6 Rb1+ 25.Rc1 Rxc1+ 26.Nxc1 Qc7 27.Ra2 Qc4 28.Rd2 Nf6 29.Nd3 Ne4 30.Ne5 Qb3
31.Rd1 Kg7 32.Nd3 Qc2 33.Qc1 Qa2 34.f3 Ng3 35.Qd2 Qa3 36.Kf2 Nf5 37.Qe2 h5
38.Nc5 Rb2 39.Rd2 Rb1 40.Nd3 h4 41.Rd1 Rb3 42.Rd2 Rb1 43.Rd1 Ng3 44.Rxb1 Nxe2
45.Kxe2 Qc3 46.Rc1 Qb3 47.Rd1 g5 48.Rd2 Qc3 49.f4 gxf4 50.Nxf4 Qc1 51.Rd1 Qc4+
52.Kf3 Qc2 53.Re1 Qf5 54.g4 Qc2 55.Ng2 f6 56.Rf1 Kh6 57.Rf2 Qd1+ 58.Re2 Qh1
59.Kf4 Qf1+  0-1

[Event "69th ch-BUL"]
[Site "Pleven BUL"]
[Date "2005.05.28"]
[Round "6"]
[White "Cheparinov,I"]
[Black "Rusev,K"]
[Result "1-0"]
[WhiteElo "2621"]
[BlackElo "2427"]

1.d4 d5 2.c4 c6 3.Nf3 Nf6 4.Nc3 a6 5.c5 Nbd7 6.Bf4 Nh5 7.e3 Nxf4 8.exf4 b6
9.cxb6 Qxb6 10.Bd3 Qxb2 11.Rc1 g6 12.O-O Bh6 13.g3 O-O 14.Na4 Qa3 15.Rxc6 Nf6
16.Qb3 Qxb3 17.axb3 Rb8 18.Rb1 Rb4 19.Rb6 a5 20.Rxb4 axb4 21.Rc1 Bh3 22.Ne5 Bg7
23.Nb6 Rb8 24.Na4 Nd7 25.Nc6 Re8 26.Bb5 Kf8 27.Ne5 Nxe5 28.fxe5 Rb8 29.Bd3 Bh6
30.f4 Bd7 31.Nc5 Ke8 32.Na6 Rb7 33.Rc7 Rb6 34.Nc5 Bh3 35.Kf2 Kd8 36.Ra7 Rb8
37.Kf3 Bc8 38.g4 Ke8 39.h4 e6 40.h5 Bf8 41.Ke3 Be7 42.h6 Kf8 43.g5 Ke8 44.Kd2 Kf8
45.Ba6 Ke8 46.Bxc8 Rxc8 47.Nd7 Rc3 48.Nf6+ Bxf6 49.exf6 Rxb3 50.Ra8+ Kd7
51.Rf8 Rf3 52.Rxf7+ Kd6 53.Rxh7 Rxf4 54.Rb7 Rxd4+ 55.Kc2 Rc4+ 56.Kb2 Rc8
57.h7 d4 58.Rg7 d3 59.Rg8 d2 60.Rxc8  1-0

[Event "TCh-BIH Prem"]
[Site "Neum BIH"]
[Date "2005.06.07"]
[Round "4"]
[White "Jakovljevic,Vlado"]
[Black "Spasenovic,Z"]
[Result "1-0"]
[WhiteElo "2402"]
[BlackElo "2043"]

1.Nf3 d5 2.d4 Nf6 3.c4 c6 4.Nc3 a6 5.e3 Bf5 6.Bd3 Bxd3 7.Qxd3 e6 8.O-O Be7
9.e4 dxe4 10.Nxe4 Nxe4 11.Qxe4 Nd7 12.Bf4 O-O 13.Rfd1 Qa5 14.Rd3 Rac8 15.b3 Rfd8
16.Qe2 Qf5 17.Bg3 Nf6 18.Bh4 Bd6 19.Rad1 Bf4 20.Ne5 Bg5 21.Bxg5 Qxg5 22.Qf3 Qh5
23.Qf4 Qe2 24.g4 Qe4 25.Qg3 h6 26.f3 Qh7 27.Qf4 Rc7 28.h4 Re7 29.g5 Nd7 30.R3d2 Qf5
31.Qxf5 exf5 32.Nxd7 Rexd7 33.gxh6 g6 34.d5 c5 35.Re1 Kh7 36.Rde2 Kxh6 37.Kf2 Kg7
38.f4 b5 39.Re8 bxc4 40.bxc4 Kf6 41.Kg3 a5 42.Rxd8 Rxd8 43.Rb1 Re8 44.Rb6+ Kg7
45.Rb5 Re3+ 46.Kf2 Ra3 47.Rxc5 Rxa2+ 48.Ke3 a4 49.Ra5 a3 50.c5 Ra1 51.c6 a2
52.c7 Re1+ 53.Kf2 Re8 54.d6  1-0

[Event "III Open"]
[Site "Bajada de la Virgen ESP"]
[Date "2005.06.15"]
[Round "4"]
[White "Ramos Aguilar,J"]
[Black "Stefanova,A"]
[Result "1/2-1/2"]
[WhiteElo "2280"]
[BlackElo "2495"]

1.d4 d5 2.c4 c6 3.Nf3 Nf6 4.Nc3 a6 5.e3 e6 6.Bd3 dxc4 7.Bxc4 b5 8.Bd3 c5
9.a4 b4 10.Ne4 Nbd7 11.O-O Bb7 12.Ned2 cxd4 13.exd4 Nc5 14.Bc2 Nce4 15.a5 Nd6
16.Ne5 Be7 17.Ba4+ Nb5 18.Ndc4 O-O 19.Nb6 Ra7 20.Be3 Be4 21.Qd2 Bd6 22.f3 Ba8
23.Rfc1 Qb8 24.Nbc4 Be7 25.Nb6 Bd6 26.Nbc4 Be7 27.Nb6 Bd6 28.Nbc4  1/2-1/2

[Event "19th Open Pula"]
[Site "Pula CRO"]
[Date "2005.06.21"]
[Round "3"]
[White "Jankovic,A"]
[Black "Michielsen,J"]
[Result "1/2-1/2"]
[WhiteElo "2480"]
[BlackElo "2281"]

1.d4 d5 2.c4 c6 3.Nc3 Nf6 4.Nf3 a6 5.a4 e6 6.Bg5 Nbd7 7.cxd5 cxd5 8.e3 b6
9.Bd3 Bb7 10.O-O Be7 11.Rc1 Ne4 12.Bxe7 Qxe7 13.Bxe4 dxe4 14.Nd2 f5 15.Qb3 Rb8
16.d5 exd5 17.Nxd5 Qd6 18.Nc4 Qxd5 19.Rfd1 Qe6 20.Rd6 Qe7 21.Rcd1 Bc8 22.Rc6 O-O
23.Nd6+ Kh8 24.Rc7 Nc5 25.Nf7+ Kg8 26.Nh6+ Kh8 27.Nf7+ Kg8  1/2-1/2

[Event "19th Open Pula"]
[Site "Pula CRO"]
[Date "2005.06.21"]
[Round "3"]
[White "Nordahl,H"]
[Black "Macek,V"]
[Result "0-1"]
[WhiteElo "2402"]
[BlackElo "2214"]

1.d4 d5 2.c4 c6 3.Nf3 Nf6 4.Nc3 a6 5.Bg5 Ne4 6.cxd5 Nxg5 7.Nxg5 cxd5 8.e3 e6
9.Nf3 Nd7 10.Bd3 Bd6 11.Qc2 h6 12.Qe2 O-O 13.h4 f5 14.O-O-O Nf6 15.Ne5 Ne4
16.Bxe4 fxe4 17.f4 exf3 18.gxf3 b5 19.f4 b4 20.Nb1 Bd7 21.Nxd7 Qxd7 22.Nd2 a5
23.Kb1 a4 24.Nf3 b3 25.a3 Rfc8 26.Rc1 Qf7 27.Qd3 Rxc1+ 28.Rxc1 Qh5 29.Ne5 Qxh4
30.Rg1 Bxe5 31.dxe5 Qe7 32.Qg6 Kh8 33.Rc1 Rf8 34.Rc6 Re8 35.Ra6 Rc8 36.Qg1 Qc5
37.Qd1 Qc4 38.Rxe6 Qe4+ 39.Ka1 Qc2 40.Qb1 Kg8 41.Rd6 Qc5 42.Rg6 Qxe3 43.Rg1 Qxf4
44.e6 Qe4 45.Re1 Qxb1+ 46.Kxb1 Kf8 47.Rg1 g5 48.Rh1 Kg7 49.Rd1 Re8 50.Rxd5 Rxe6
51.Kc1 Rc6+ 52.Kd1 Kg6 53.Rd4 Ra6 54.Ke2 h5 55.Kf3 Ra5 56.Kg3 Kf5 57.Rb4 Rd5
58.Rxa4 Rd3+ 59.Kf2 Rd2+ 60.Kf3 g4+ 61.Kg3 Rd3+ 62.Kf2 h4 63.Ke2 Rf3 64.Ra8 Rh3
65.Rh8 Ke4 66.Kd2 g3 67.Re8+ Kd4 68.Rd8+ Kc5 69.Rc8+ Kd6 70.Rg8 Rh2+ 71.Ke3 g2
72.Kf2 h3 73.Rg3 Rh1 74.Rd3+ Ke5 75.Re3+ Kd4 76.Rg3 Rf1+  0-1

[Event "19th Open Pula"]
[Site "Pula CRO"]
[Date "2005.06.22"]
[Round "5"]
[White "Jankovic,A"]
[Black "Macek,V"]
[Result "1-0"]
[WhiteElo "2480"]
[BlackElo "2214"]

1.d4 d5 2.c4 c6 3.Nc3 Nf6 4.Nf3 a6 5.h3 g6 6.Bf4 Bg7 7.e3 O-O 8.c5 Nbd7 9.Bd3 Ne8
10.O-O e5 11.Nxe5 Nxe5 12.dxe5 Qe7 13.e4 dxe4 14.Nxe4 Bxe5 15.Bg5 Qc7 16.Qe2 Be6
17.Rfe1 Bg7 18.Qd2 Bd5 19.Bf4 Qd7 20.Nc3 Nf6 21.Na4 Rae8 22.Nb6 Rxe1+ 23.Rxe1 Qd8
24.b4 Re8 25.Rd1 Qe7 26.Bd6 Qe6 27.Nxd5 Qxd5 28.Qc2 Qh5 29.Bc4 g5 30.f3 Qg6
31.Qxg6 hxg6 32.Bc7 Bf8 33.Kf2 Be7 34.a4 Rc8 35.Be5 Re8 36.Kf1 Rd8 37.Rxd8+ Bxd8
38.Ke2 Be7 39.Kd3 Kf8 40.f4 gxf4 41.Bxf4 Nd7 42.a5 Bf6 43.Bb3 Ke7 44.Bd6+ Ke8
45.Bd1 Ne5+ 46.Kc3 Nd7+ 47.Kd2 Ne5 48.Be2 Nd7 49.g4 g5 50.Bg3 Ke7 51.Bd3 Ne5
52.Bf5 Nd7 53.Be1 Be5 54.h4 gxh4 55.Bxh4+ f6 56.Kd3 Kd8 57.Be1 Bf4 58.Ke4 Bg5
59.Bc3 Ke7 60.Kd4 Bh4 61.Bc2 Bg5 62.Ke4 Nf8 63.Kf5 Kf7 64.Bb3+ Ke7 65.Bc4 Bh4
66.Bd2 Ke8 67.Be6 Kd8 68.Bc3 Nxe6 69.Kxe6 Ke8 70.Bd2 Kd8 71.Kf7 Kd7 72.Bc3  1-0

[Event "White Nights"]
[Site "St Petersburg RUS"]
[Date "2005.06.25"]
[Round "8"]
[White "Golovenchits,B"]
[Black "Suslin,A"]
[Result "1/2-1/2"]
[WhiteElo "2095"]
[BlackElo "2171"]

1.d4 d5 2.c4 c6 3.Nf3 Nf6 4.Nc3 a6 5.b3 Bf5 6.Bb2 e6 7.a3 Nbd7 8.e3 Bd6 9.Be2 O-O
10.Nh4 Be4 11.Nxe4 Nxe4 12.Nf3 f5 13.g3 Rf6 14.Ne5 Qc7 15.f3 Ng5 16.h4 Rh6
17.Kf2 Nf7 18.f4 Nf6 19.Bf3 Rd8 20.Rc1 Qe7 21.cxd5 exd5 22.b4 Bb8 23.Nxf7 Qxf7
24.a4 Re8 25.Qb3 Ne4+ 26.Bxe4 Rxe4 27.b5 axb5 28.axb5 Qe8 29.Rc3 Rhe6 30.Ra1 Bc7
31.Bc1 Rxd4 32.bxc6 bxc6 33.Qb7 Bd8 34.Ra8 Rde4 35.Qc8 Bf6 36.Qxe6+ Rxe6
37.Rxe8+ Rxe8 38.Rxc6 d4 39.exd4 Bxd4+ 40.Kf3 Re1 41.Rc7 Rf1+ 42.Kg2 Rf2+
43.Kh3 h5 44.Rc4 Bf6 45.Rc5 g6 46.Be3 Re2 47.Rc8+ Kg7 48.Rc7+ Kg8 49.Rc8+ Kf7
50.Rc7+  1/2-1/2

[Event "6th Kurass Memorial"]
[Site "Kiev UKR"]
[Date "2005.06.27"]
[Round "7"]
[White "Brozhik,V"]
[Black "Petryk,F"]
[Result "1-0"]
[WhiteElo "2149"]
[BlackElo "2334"]

1.d4 d5 2.Nf3 Nf6 3.c4 c6 4.Nc3 a6 5.cxd5 cxd5 6.Bg5 Ne4 7.Bh4 Nxc3 8.bxc3 Qa5
9.Qb3 Bf5 10.e3 e6 11.Be2 Ba3 12.O-O b5 13.Ne5 O-O 14.f3 f6 15.e4 fxe5 16.exf5 Rxf5
17.g4 Rf8 18.dxe5 Nd7 19.f4 Nc5 20.Qc2 Qc7 21.Rf3 Ne4 22.Rb1 Bc5+ 23.Kg2 g5
24.Bg3 gxf4 25.Bxf4 Rxf4 26.Rxf4 Qxe5 27.Rbf1 Rf8 28.Rxf8+ Bxf8 29.Bd3 Bd6
30.Kg1 Kh8 31.Bxe4 dxe4 32.Qf2 e3 33.Qf6+ Qxf6 34.Rxf6 e5 35.Kg2 Ba3 36.Rxa6 Bc1
37.Kf3 Bd2 38.Rb6 Bxc3 39.Rxb5 Bd4 40.Rb7 e4+ 41.Ke2  1-0

[Event "4th Open"]
[Site "La Fere FRA"]
[Date "2005.07.04"]
[Round "3"]
[White "Housieaux,D"]
[Black "Shalamberidze,A"]
[Result "1/2-1/2"]
[WhiteElo "2329"]
[BlackElo "2419"]

1.d4 d5 2.c4 c6 3.Nf3 Nf6 4.Nc3 a6 5.e3 b5 6.cxd5 cxd5 7.a4 b4 8.Ne2 e6 9.Nf4 Bd6
10.Bd3 O-O 11.g4 Nxg4 12.e4 dxe4 13.Bxe4 Ra7 14.Rg1 f5 15.Bd3 Qc7 16.h3 Bxf4
17.hxg4 Bb7 18.Be3 Bxe3 19.fxe3 Qe7 20.gxf5 exf5 21.Kd2 Bd5 22.Ne5 Nd7 23.Nxd7 Qxd7
24.Rc1 Qe6 25.Rc5 Re7 26.Rg3 g6 27.Qf1 Kg7 28.Qf4 Rd7 29.a5 Qd6 30.Qxd6 Rxd6
31.Rg1 Be6 32.Rgc1 Bd7 33.Rc7 Rf7 34.Ra7 f4 35.Rcc7 fxe3+ 36.Kxe3 Re7+ 37.Be4 Kf6
38.d5 Rxd5 39.Rxa6+ Kf7 40.Raa7 Ke8 41.a6 Rde5 42.Kf3 Rxe4 43.Ra8+ Kf7 44.Rxd7 Re3+
45.Kf2 Re2+ 46.Kf3 Re3+  1/2-1/2

[Event "34th TCh-GRE"]
[Site "Ermioni Argolidas GRE"]
[Date "2005.07.05"]
[Round "2"]
[White "Haritakis,T"]
[Black "Svetushkin,D"]
[Result "0-1"]
[WhiteElo "2302"]
[BlackElo "2514"]

1.d4 d5 2.c4 c6 3.Nf3 Nf6 4.Nc3 a6 5.e3 e6 6.Bd3 dxc4 7.Bxc4 b5 8.Bd3 c5
9.O-O Bb7 10.a3 Nbd7 11.Re1 Qb8 12.Bc2 Bd6 13.dxc5 Nxc5 14.e4 Ncd7 15.Bg5 Ng4
16.h3 Nge5 17.Nxe5 Bxe5 18.Qd2 Qc7 19.Rad1 Rc8 20.f4 h6 21.fxe5 hxg5 22.Qxg5 Qc5+
23.Re3 Qxe5 24.Qxe5 Nxe5 25.Bb3 g5 26.Rd4 Ke7 27.a4 Bc6 28.axb5 axb5 29.Nd5+ Kd6
30.Nb4+ Kc5 31.Nc2 Rhd8 32.Rc3+ Kb6 33.Rg3 g4 34.hxg4 Rxd4 35.Nxd4 Bxe4 36.g5 Rc1+
37.Kf2 Rb1 38.Ke3 Bg6 39.Kf4 Nd3+ 40.Ke3 Nxb2 41.Bc2 Nc4+ 42.Ke2 Bxc2 43.Nxc2 b4
44.Nxb4 Rxb4 45.g6 fxg6 46.Rxg6 Rb2+ 47.Ke1 Kc5 48.Rxe6 Rxg2  0-1

[Event "VISUS Open"]
[Site "Prague CZE"]
[Date "2005.07.05"]
[Round "4"]
[White "Hausner,I"]
[Black "Gregor,Ji"]
[Result "1/2-1/2"]
[WhiteElo "2432"]
[BlackElo "2214"]

1.d4 d5 2.c4 c6 3.Nc3 Nf6 4.Nf3 a6 5.c5 Bf5 6.Qb3 Ra7 7.Bf4 Nbd7 8.h3 h6
9.e3 e6 10.Be2 Be7 11.O-O O-O 12.Rfd1 Ne4 13.Na4 f6 14.Nd2 Nxd2 15.Rxd2 Qa5
16.Rdd1 e5 17.Bg3 Kh8 18.Rac1 Bd8 19.Kh2 Bc7 20.Kh1 Re8 21.Bf1 Bg6 22.f3 Bd8
23.Nb6 Nxb6 24.Be1 Qa4 25.cxb6 Qxb3 26.bxa7 Qxd1 27.Rxd1 Bb6 28.Bb4 Bxa7
29.Bc5 Bb8 30.g4 Bc7 31.Kg2 b6 32.Ba3 exd4 33.exd4 Bf4 34.Bb4 a5 35.Bd2 Bc7
36.Rc1 Re6 37.Kf2 f5  1/2-1/2

[Event "2nd CHN-FRA Match"]
[Site "Shenzheng CHN"]
[Date "2005.07.05"]
[Round "8"]
[White "Zhao Xue"]
[Black "Fontaine,R"]
[Result "1-0"]
[WhiteElo "2478"]
[BlackElo "2539"]

1.d4 d5 2.c4 c6 3.Nc3 Nf6 4.Nf3 a6 5.c5 Nbd7 6.Bf4 Nh5 7.e3 Nxf4 8.exf4 g6
9.Bd3 Qc7 10.Qd2 Bh6 11.g3 O-O 12.Qe2 Re8 13.h4 Nf6 14.h5 Ng4 15.Ne5 Nxe5
16.fxe5 g5 17.O-O-O Be6 18.Qc2 Kg7 19.f3 Rh8 20.Rhg1 Raf8 21.g4 Qc8 22.Na4 Qe8
23.f4 Bc8 24.f5 Qd8 25.Nb6 Re8 26.Rg3 Rhf8 27.Bf1 Qc7 28.Re1 f6 29.Rge3 e6
30.Bd3 fxe5 31.Rxe5 Kh8 32.Nxc8 Rxc8 33.fxe6 Qe7 34.Rf5 Bg7 35.Qf2 Rxf5 36.Bxf5 Rf8
37.h6 Bf6 38.Kc2 b6 39.Kb1 bxc5 40.dxc5 a5 41.Qh2 Rd8 42.Re2 Bd4 43.Qd6 Bxc5
44.Qxc6 d4 45.Re5 Bb4 46.Rd5 Rxd5 47.Qxd5 Qf6 48.a3 Bf8 49.Qd7 Qe7 50.Qxd4+ Kg8
51.Qd7 a4 52.Bc2  1-0

[Event "Viking GM"]
[Site "St Petersburg RUS"]
[Date "2005.07.08"]
[Round "2"]
[White "Brodsky,M"]
[Black "Sarakauskas,G"]
[Result "1/2-1/2"]
[WhiteElo "2554"]
[BlackElo "2427"]

1.d4 d5 2.c4 c6 3.Nc3 Nf6 4.Nf3 a6 5.c5 Nbd7 6.Bf4 Nh5 7.e3 g6 8.h4 Bg7 9.Bh2 O-O
10.Be2 f5 11.Ng5 Ndf6 12.f3 Ne8 13.g4 fxg4 14.fxg4 Nhf6 15.Rg1 b6 16.Na4 bxc5
17.Nxc5 h6 18.Nge6 Bxe6 19.Nxe6 Qa5+ 20.Qd2 Qxd2+ 21.Kxd2 Ne4+ 22.Ke1 Rf6
23.Nxg7 Nxg7 24.Rc1 a5 25.Be5 Re6 26.Bd3 a4 27.Rg2 Rf8 28.Ke2 Ra8 29.Bxe4 dxe4
30.Rc5 Ne8 31.g5 h5 32.Rf2 Ra6 33.Ke1 Nd6 34.Bxd6 exd6 35.d5 cxd5 36.Rxd5 Re5
37.Rd4 a3 38.b3 d5 39.Kd2 Rc6 40.Rf1 Rc7 41.Rf6 Kg7 42.Ra4 Re8 43.Rxa3 Rec8
44.Ke1 Rc2 45.Raa6 Rh2 46.Rxg6+ Kh7 47.Rgc6 Rxc6 48.Rxc6 Rxh4 49.b4 Rh1+
50.Kf2 Rh2+ 51.Kg3 Rxa2 52.b5 Rb2 53.b6 Kg7 54.Rd6 Rb3 55.Kf4 h4 56.Rxd5 Rxb6
57.Re5 h3 58.Kg3 Kg6  1/2-1/2

[Event "2nd S Wales Int"]
[Site "Caerleon WLS"]
[Date "2005.07.09"]
[Round "1"]
[White "Barsov,A"]
[Black "Dunn,An1"]
[Result "1-0"]
[WhiteElo "2530"]
[BlackElo "2197"]

1.d4 d5 2.c4 c6 3.Nf3 Nf6 4.Nc3 a6 5.c5 Nbd7 6.Bf4 g6 7.e3 Nh5 8.Bg5 Bg7
9.Be2 b6 10.cxb6 Qxb6 11.O-O h6 12.Na4 Qc7 13.Bh4 g5 14.Ne1 gxh4 15.Bxh5 Nf6
16.Nd3 Bf5 17.Nac5 O-O 18.Rc1 h3 19.g3 Qb6 20.b3 Rac8 21.Be2 Rfd8 22.Ne5 a5
23.Bd3 Bxd3 24.Qxd3 e6 25.Rc2 Ne4 26.Nxe4 dxe4 27.Qxe4 Bxe5 28.Qxe5 Rd5 29.Qf4 Kg7  1-0

[Event "7th Festival IM"]
[Site "Saint Lo FRA"]
[Date "2005.07.10"]
[Round "3"]
[White "Cossin,S"]
[Black "Shalamberidze,A"]
[Result "0-1"]
[WhiteElo "2391"]
[BlackElo "2419"]

1.d4 d5 2.c4 c6 3.Nf3 Nf6 4.Nc3 a6 5.Bf4 dxc4 6.e3 b5 7.Ne5 e6 8.Be2 Bb7
9.Bh5 Nxh5 10.Qxh5 g6 11.Qf3 f6 12.Qh3 Bg7 13.Qxe6+ Qe7 14.Qxe7+ Kxe7 15.Nf3 Nd7
16.O-O-O g5 17.Bg3 h5 18.h3 h4 19.Bh2 Nf8 20.d5 cxd5 21.Nxd5+ Bxd5 22.Rxd5 Ne6
23.Bd6+ Kf7 24.Rhd1 Rhd8 25.Kc2 Rd7 26.Bc5 Rxd5 27.Rxd5 Rd8 28.Rxd8 Nxd8
29.e4 Ne6 30.Be3 Bf8 31.b3 cxb3+ 32.Kxb3 Nc5+ 33.Bxc5 Bxc5 34.g3 g4 35.hxg4 h3
36.g5 Bxf2 37.g4 a5 38.gxf6 Kxf6 39.e5+ Kg6 40.e6 Kf6 41.Ng5 h2 42.Ne4+ Kxe6
43.Nxf2 Ke5 44.Kc2 Kf4 45.g5 Kxg5 46.Kd3 Kf4  0-1

[Event "Viking GM"]
[Site "St Petersburg RUS"]
[Date "2005.07.10"]
[Round "4"]
[White "Zakharevich,I"]
[Black "Sarakauskas,G"]
[Result "1/2-1/2"]
[WhiteElo "2499"]
[BlackElo "2427"]

1.d4 d5 2.Nf3 Nf6 3.c4 c6 4.Nc3 a6 5.a4 e6 6.Bg5 Nbd7 7.a5 Bb4 8.Qa4 Be7
9.Bxf6 Nxf6 10.c5 O-O 11.b4 Ne4  1/2-1/2

[Event "16th Open"]
[Site "Ljubljana SLO"]
[Date "2005.07.13"]
[Round "7"]
[White "Soln,P"]
[Black "Nedimovic,L"]
[Result "1-0"]
[WhiteElo "2351"]
[BlackElo "2217"]

1.d4 d5 2.c4 c6 3.Nc3 Nf6 4.Nf3 a6 5.Bg5 Ne4 6.Bf4 Nxc3 7.bxc3 dxc4 8.Ne5 b5
9.g3 Bb7 10.Bg2 e6 11.Rb1 Qc8 12.O-O Be7 13.e4 O-O 14.Qg4 f5 15.exf5 exf5
16.Qe2 Bd8 17.Rfe1 Nd7 18.Nxc6 Nf6 19.d5 Bxc6 20.dxc6 Ba5 21.a4 Bxc3 22.Rec1 Re8
23.Qf1 b4 24.Qxc4+ Qe6 25.Qxe6+ Rxe6 26.c7 Ne4 27.Rd1 Ree8 28.f3 Nc5 29.Bd6 Ne6
30.f4 Rac8 31.Bc6 Kf7 32.Bxe8+ Kxe8 33.Bxb4 Bd4+ 34.Rxd4 Nxd4 35.Re1+ Kd7
36.Rd1  1-0

[Event "inAUTOmarket Open"]
[Site "Minsk BLR"]
[Date "2005.07.13"]
[Round "4"]
[White "Tunik,G"]
[Black "Lavretzkij,R"]
[Result "1/2-1/2"]
[WhiteElo "2446"]
[BlackElo "2368"]

1.d4 d5 2.c4 c6 3.Nf3 Nf6 4.Nc3 a6 5.Ne5 dxc4 6.Nxc4 e6 7.g3 c5 8.dxc5 Qxd1+
9.Nxd1 Bxc5 10.Bg2 Ke7 11.Be3 Nbd7 12.Bxc5+ Nxc5 13.Nb6 Rb8 14.Rc1 Nfd7 15.Nxd7 Nxd7
16.Ne3 Nf6 17.Rc7+ Bd7 18.O-O Rhc8 19.Rxb7 Rxb7 20.Bxb7 Rb8 21.Bxa6 Rxb2
22.Ra1 Ne4 23.Nd1 Rd2 24.f3 Nc5 25.Bc4 g5 26.Kf2 Rc2 27.Ne3 Rc3 28.g4 Kf6
29.Rb1 Kg6 30.Bb5 Bxb5 31.Rxb5 h5 32.h3 hxg4 33.hxg4 Kf6 34.Rb2 Nd7 35.Rc2 Ra3
36.Nc4 Ra4 37.Nd2 Ne5 38.Ke1 Ke7 39.Ne4 f6 40.Rc7+ Kd8 41.Rg7 Rxa2 42.Nxf6 Rc2
43.Ne4 Nc6 44.Rxg5 Nd4 45.Ng3 Rxe2+  1/2-1/2

[Event "ch-Paris Open"]
[Site "Paris FRA"]
[Date "2005.07.13"]
[Round "5"]
[White "Kazhgaleyev,M"]
[Black "Perez,Rod"]
[Result "1/2-1/2"]
[WhiteElo "2619"]
[BlackElo "2442"]

1.d4 d5 2.c4 c6 3.Nf3 Nf6 4.Nc3 a6 5.h3 e6 6.Bg5 Be7 7.e3 O-O 8.Bd3 dxc4
9.Bxc4 c5 10.a4 Nc6 11.dxc5 Qxd1+ 12.Rxd1 Bxc5 13.O-O h6 14.Bh4 b6 15.Be2 Ra7
16.Nd2 Rd8 17.Nde4 Be7 18.Rxd8+ Nxd8 19.Nxf6+ gxf6 20.Rd1 Kg7 21.Ne4 Rd7
22.Rc1 Bb7 23.Ng3 f5 24.Bxe7 Rxe7 25.Nh5+ Kg6 26.Rd1 Nc6 27.Rd6 Rc7 28.g4 fxg4
29.hxg4 a5 30.f4 Nb4 31.Rxb6 Rc2 32.Rxb4 Rc1+ 33.Kf2 axb4 34.Bd3+ f5 35.Ng3 Bc8  1/2-1/2

[Event "Politiken Cup"]
[Site "Copenhagen DEN"]
[Date "2005.07.17"]
[Round "2"]
[White "Cech,P"]
[Black "Nielsen,JM"]
[Result "1-0"]
[WhiteElo "2416"]
[BlackElo "2123"]

1.d4 d5 2.c4 c6 3.Nc3 Nf6 4.Nf3 a6 5.c5 g6 6.Bf4 Bg7 7.e3 O-O 8.h3 Nbd7 9.Be2 Re8
10.O-O Nh5 11.Bh2 h6 12.Rc1 Nhf6 13.b4 Nh7 14.e4 dxe4 15.Nxe4 Ndf6 16.Ned2 Nd5
17.Nc4 Be6 18.a3 Nhf6 19.Re1 Qc8 20.Bf1 Bf5 21.Nfe5 Nd7 22.Qf3 Nxe5 23.Bxe5 Bxe5
24.Nxe5 Kg7 25.Bc4 Be6 26.Qg3 Kh7 27.Bd3 Rg8 28.Re2 Rg7 29.Rce1 Bf5 30.Bc4 Qd8
31.Nf3 b5 32.Bxd5 Qxd5 33.Rxe7 a5 34.bxa5 Qd8 35.a6 Rxa6 36.Re8 Qf6 37.Qb8  1-0

[Event "Aegean Open"]
[Site "Kirykos GRE"]
[Date "2005.07.19"]
[Round "8"]
[White "Lekic,D"]
[Black "Svetushkin,D"]
[Result "0-1"]
[WhiteElo "2355"]
[BlackElo "2514"]

1.d4 d5 2.c4 c6 3.Nf3 Nf6 4.Nc3 a6 5.c5 Nbd7 6.Bf4 Nh5 7.e3 g6 8.h4 b6 9.cxb6 Qxb6
10.Bd3 Nxf4 11.exf4 e6 12.O-O Qxb2 13.Rc1 Qb8 14.Qa4 Bb7 15.Rc2 Be7 16.Rb1 Qc7
17.h5 O-O 18.Rcb2 Rfb8 19.Qc2 Bc8 20.hxg6 hxg6 21.Bxg6 Qxf4 22.Ne2 Qd6 23.Bxf7+ Kxf7
24.Qh7+ Ke8 25.Qg8+ Nf8 26.Ne5 Rxb2 27.Rxb2 Qc7 28.Qf7+ Kd8 29.Nf4 Bd7 30.Qg8 Be8
31.Rc2 c5 32.Nxe6+ Nxe6 33.Qxe6 Qd6 34.Qg8 Kc7 35.Rxc5+ Kb7 36.Rxd5 Qh6 37.Nd3 Rc8
38.Nc5+ Ka7 39.Qg4 Qc6 40.Re5 Bd6 41.Rg5 Rb8 42.Rg7+ Ka8 43.Qf5 Bxc5 44.dxc5 Rd8
45.Qf8 Qd5 46.Qe7 Qd7 47.Qe4+ Qc6 48.Qe7 Rd1+ 49.Kh2 Bd7 50.Rg8+ Kb7 51.Qf8 Bc8
52.f4 Rd2 53.Rg7+ Kb8 54.Rg8 Rxa2 55.Qd6+ Qxd6 56.cxd6 Rd2 57.f5 Rxd6 58.g4 Kc7
59.Kg3 a5 60.Kf4 a4 61.Rh8 Rd4+ 62.Kg5 a3 63.Rh2 Ra4 64.Ra2 Bb7 65.f6 Bd5  0-1

[Event "Open"]
[Site "Ghent BEL"]
[Date "2005.07.20"]
[Round "9"]
[White "Van Wessel,R"]
[Black "Biedekoepper,R"]
[Result "1-0"]
[WhiteElo "2327"]
[BlackElo "2149"]

1.d4 Nf6 2.Nf3 d5 3.c4 c6 4.Nc3 a6 5.c5 Bf5 6.Bf4 Nh5 7.e3 Nxf4 8.exf4 e6
9.Qd2 Be7 10.h3 h5 11.Rc1 Qa5 12.a3 Nd7 13.Be2 Rb8 14.O-O Qd8 15.b4 h4 16.a4 Nf6
17.Ne5 Nh5 18.Bg4 Rh6 19.Rfe1 Kf8 20.b5 f6 21.Nf3 g5 22.fxg5 fxg5 23.Ne5 axb5
24.axb5 Rc8 25.Ra1 cxb5 26.Nxb5 Nf4 27.Ra7 Rb8 28.c6  1-0

[Event "Politiken Cup"]
[Site "Copenhagen DEN"]
[Date "2005.07.22"]
[Round "8"]
[White "Overmark,O"]
[Black "Nielsen,JM"]
[Result "0-1"]
[WhiteElo "1937"]
[BlackElo "2123"]

1.Nf3 d5 2.d4 Nf6 3.c4 c6 4.Nc3 a6 5.e3 e6 6.Bd3 dxc4 7.Bxc4 b5 8.Bd3 Nbd7
9.O-O Bb7 10.Qe2 Be7 11.Rd1 Qc7 12.Bd2 c5 13.Rac1 Ng4 14.h3 h5 15.Ne4 c4
16.Bb1 f5 17.Ng3 Ngf6 18.b3 Rc8 19.bxc4 bxc4 20.Bd3 cxd3 21.Rxc7 dxe2 22.Rxc8+ Bxc8
23.Rc1 O-O 24.Nxe2 Nd5 25.Rc5 Kf7 26.Nc1 Bb7 27.Rc2 g5 28.Nd3 Bf6 29.a3 g4
30.hxg4 hxg4 31.Nfe1 Be7 32.Nc5 Nxc5 33.dxc5 Rc8 34.Nd3 Bc6 35.Ne5+ Ke8 36.Nxc6 Rxc6
37.Bb4 Kd7 38.Kf1 Rc8 39.Ke2 Kc6 40.f3 gxf3+ 41.gxf3 Rh8 42.Rc1 Rh2+ 43.Kd3 Rb2  0-1